Mechanical science for technicians 2 / (Record no. 9524)

MARC details
000 -LEADER
fixed length control field 00617nac a22001931u 4500
020 ## - INTERNATIONAL STANDARD BOOK NUMBER
International Standard Book Number 0713134453
082 00 - DEWEY DECIMAL CLASSIFICATION NUMBER
Classification number 620.1
Item number MCD
090 ## - LOCALLY ASSIGNED LC-TYPE CALL NUMBER (OCLC); LOCAL CALL NUMBER (OCLC)
-- 9524
-- 9524
100 ## - MAIN ENTRY--PERSONAL NAME
Personal name McDonagh, Ian
245 10 - TITLE STATEMENT
Title Mechanical science for technicians 2 /
Statement of responsibility, etc Ian McDonagh
260 ## - PUBLICATION, DISTRIBUTION, ETC. (IMPRINT)
Place of publication, distribution, etc London ;
-- Boston :
Name of publisher, distributor, etc Butterworth,1984
Date of publication, distribution, etc 1984
300 ## - PHYSICAL DESCRIPTION
Extent 225 p. :
Other physical details ill. ;
Dimensions 22 cm.
440 #0 -
-- Newnes-Butterworths technician series
500 ## - GENERAL NOTE
General note distributer: Al-Ahram
511 ## - PARTICIPANT OR PERFORMER NOTE
Participant or performer note catalogued by: wessam
650 #0 - SUBJECT ADDED ENTRY--TOPICAL TERM
Topical term or geographic name as entry element Mechanics, Applied.
650 #0 - SUBJECT ADDED ENTRY--TOPICAL TERM
Topical term or geographic name as entry element Industrial technicians.
942 ## - ADDED ENTRY ELEMENTS (KOHA)
Item type Book - Borrowing
Call number prefix 620.1MCD
Holdings
Withdrawn status Item status Damaged status Not for loan Home library Current library Shelving location Date acquired Source of acquisition Total Checkouts Full call number Barcode Date last seen Koha item type
        Central Library Central Library First floor 18/05/2008 Purchase   620.1MCD 000011595 15/07/2025 Book - Borrowing